000 00823nam a2200265 a 4500
001 73310
003 BD-RjUL
005 20211209082356.0
008 170530s1961 maua b 001 0 eng d
035 _a(BD-RjUL)73528
040 _aDLC/ICU
_cICU
_dBD-RjUL
_beng
041 _aeng
082 0 0 _a539.764
_223
_bROP 1961
100 1 _aRose, David J.
_9216853
245 1 0 _aPlasmas and Controlled Fusion /
_b[by] David J. Rose [and] Melville Clark, Jr.
260 _aCambridge (Mass.) :
_bM.I.T. Pr.,
_cc1961.
300 _axiv, 493 p. :
_bill. ;
_c24 cm.
504 _aIncludes bibliography & Index.
650 0 _aPlasma (Ionized gases)
_9160125
650 0 _aControlled fusion.
_9160126
650 0 _aMagnetohydrodynamics.
_9216854
700 1 _aClark, Melville
_cJr.
_9216855
942 _2ddc
_cBK
999 _c73310
_d73310